Boletín de información social del Ministerio de Trabajo y Previsión. (Record no. 446)

MARC details
000 -LEADER
campo de control de longitud fija 01121nas a2200265 i 4500
001 - NÚMERO DE CONTROL
campo de control 446
003 - IDENTIFICADOR DE NÚMERO DE CONTROL
campo de control ES-MaACL
005 - FECHA Y HORA DE LA ÚLTIMA TRANSACCIÓN
campo de control 20250826065248.0
007 - CAMPO FIJO DE DESCRIPCIÓN FÍSICA--INFORMACIÓN GENERAL
campo de control de longitud fija t|
008 - DATOS DE LONGITUD FIJA--INFORMACIÓN GENERAL
campo de control de longitud fija 950801d19301936sp | | 1 ||pa d
080 ## - NÚMERO DE LA CLASIFICACIÓN DECIMAL UNIVERSAL
Número de la Clasificación Decimal Universal 460
245 00 - MENCIÓN DEL TÍTULO
Título Boletín de información social del Ministerio de Trabajo y Previsión.
260 ## - PUBLICACIÓN, DISTRIBUCIÓN, ETC.
Lugar de publicación, distribución, etc. Madrid :
Nombre del editor, distribuidor, etc. Imp. de los Sob. de la Suc. de M. Minuesa de los Rios, 1930-1936.
300 ## - DESCRIPCIÓN FÍSICA
Extensión 13 v. ;
Dimensiones 24 cm.
310 ## - PERIODICIDAD ACTUAL
Periodicidad actual Mensual
362 0# - FECHAS DE PUBLICACIÓN Y/O DESIGNACIÓN SECUENCIAL
Fecha de publicación y/o designación secuencial Año 1, n. 1 (ag. 1930)-año 2, n. 17 (dic. 1931) Año 3, n. 18 (en. 1932)-año 5, n. 43 (feb. 1934) Año 5, n. 44 (marzo 1934)-año 6, n. 61 (ag. 1935) Año 7, n. 67 (feb. 1936)­año 7, n. 75 (oct. 1936)
650 17 - PUNTO DE ACCESO ADICIONAL DE MATERIA--TÉRMINO DE MATERIA
Término de materia o nombre geográfico como elemento de entrada Trabajo
Fuente del encabezamiento o término embne
9 (RLIN) 17590
710 1# - ENTRADA AGREGADA--NOMBRE DE ENTIDAD CORPORATIVA
Nombre de entidad corporativa o nombre de jurisdicción como elemento de entrada España.
Unidad subordinada Ministerio de Trabajo y Previsión
9 (RLIN) 3933
785 00 - ENTRADA/ENLACE A UN TÍTULO POSTERIOR
Encabezamiento principal Boletín del Ministerio de Trabajo y Previsión Social
Lugar, editor y fecha de publicación Ene. 1932
785 00 - ENTRADA/ENLACE A UN TÍTULO POSTERIOR
Encabezamiento principal Boletín del Ministerio de Trabajo, Sanidad y Previsión
Lugar, editor y fecha de publicación Sep. 1934
785 00 - ENTRADA/ENLACE A UN TÍTULO POSTERIOR
Encabezamiento principal Boletín del Ministerio de Trabajo, Justicia y Sanidad
Lugar, editor y fecha de publicación Sep. 1935
852 ## - LOCALIZACIÓN
Ubicación ES-MaACL
Número de control de estantería Hem-191
866 #0 - MENCIÓN TEXTUAL DE FONDOS--UNIDAD BIBLIOGRÁFICA BÁSICA
Fondos 1930-36
Holdings
Estatus retirado Estado de pérdida Estado de daño No para préstamo Colección Biblioteca de origen Biblioteca actual Ubicación en estantería Fecha de adquisición Fuente de adquisición Total de préstamos Signatura topográfica completa Código de barras Visto por última vez Precio de reemplazo Tipo de ítem Koha
        Periódicos y Revistas Biblioteca del Ateneo de Madrid Biblioteca del Ateneo de Madrid Depósito 1 17/01/2008     Hem-191 1000456 23/02/2023 23/02/2023 Revista